Optimalizácia podmienok laboratórnej a poloprevádzkovej prípravy cyklodextrín glykozyltransferázy
Na minha lista:
| Autor principal: | |
|---|---|
| Outros Autores: | |
| Formato: | Manuscrito Livro |
| Idioma: | eslovaco |
| Publicado em: |
2025
|
| Assuntos: | |
| Acesso em linha: | http://is.stuba.sk/zp/portal_zp.pl?podrobnosti=168860 |
| Tags: |
Sem tags, seja o primeiro a adicionar uma tag!
|
MARC
| LEADER | 00000ntm a22000003a 4500 | ||
|---|---|---|---|
| 001 | stuzp105193 | ||
| 003 | SK-STU | ||
| 005 | 20250628212431.3 | ||
| 007 | ta | ||
| 008 | 150427s2015----xo-----f-mn---000-0-slo-d | ||
| 040 | |a STU |b slo | ||
| 041 | 0 | |a slo | |
| 100 | 1 | |a Major, Lukáš Imrich |u 044000 |4 aut |U FCHPT Fakulta chemickej a potravinárskej technológie |T FCHPT Ústav biotechnológie |X 116116 |U C4000 |Y 102 |7 116116 | |
| 242 | 0 | 1 | |a Optimization of the conditions of laboratory and pilot-plant preparation of cyclodextrin glycosyltransferase |y eng |
| 245 | 1 | 0 | |a Optimalizácia podmienok laboratórnej a poloprevádzkovej prípravy cyklodextrín glykozyltransferázy |
| 260 | |c 2025 | ||
| 650 | 4 | |a cyklodextrín glykozyltransferáza |2 slo | |
| 650 | 4 | |a Bacillus circulans |2 slo | |
| 650 | 4 | |a β-cyklodextrín |2 slo | |
| 650 | 4 | |a CGTáza |2 slo | |
| 650 | 4 | |a CGTase |2 eng | |
| 650 | 4 | |a cyclodextrin glycosyltransferase |2 eng | |
| 650 | 4 | |a Bacillus circulans |2 eng | |
| 650 | 4 | |a β-cyclodextrin |2 eng | |
| 700 | 1 | |a Štefuca, Vladimír |u 044000 |k Z1 |4 ths |U FCHPT Fakulta chemickej a potravinárskej technológie |T FCHPT Ústav biotechnológie |X 3884 |U C4000 |Y 102 |7 3884 | |
| 856 | 4 | |u http://is.stuba.sk/zp/portal_zp.pl?podrobnosti=168860 | |